000 00512nam a2200181 a 4500
005 20140412111333.0
008 050418s19uu xx 00 eng d
020 _a0-673-80531-X
050 _aBB
_bPo75 1991
100 _aShelby, Anne
245 _aPotluck /
_cby Anne Shelby ; picutres by Irene Trivas.
260 _aNew York :
_bScott,Foresman and Comp,
_c1991.
300 _a32 p. ; ill.
440 _aCelebrate Reading!
650 _aAlphabets
_xFiction
650 _aChildren stories
999 _c104973
_d104973